MARC

LEADER 00000nam0a2200000 4500
001 140200
005 20231031142004.0
010 |a 3540006664 
035 |a (RuTPU)RU\TPU\book\151871 
090 |a 140200 
100 |a 20080623d2003 k y0engy50 ba 
101 0 |a eng 
102 |a DE 
105 |a a z 001zy 
200 1 |a Energy Efficiency in Motor Driven Systems  |f editors F. Parasiliti, P. Bertoldi 
210 |a Berlin  |c Springer-Verlag  |d 2003 
215 |a 565 p.  |c il. 
320 |a Index: p. 563-565. 
610 1 |a машины 
610 1 |a механизмы 
610 1 |a приводы 
610 1 |a электроприводы 
610 1 |a производительность 
610 1 |a КПД 
610 1 |a коэффициент полезного действия 
610 1 |a английский язык 
675 |a 62-83  |v 3 
702 1 |a Parasiliti  |b F.  |g Francesco  |4 340 
702 1 |a Bertoldi  |b P.  |g Paolo  |4 340 
801 1 |a RU  |b 63413507  |c 20080623  |g PSBO 
801 2 |a RU  |b 63413507  |c 20080703  |g PSBO 
942 |c BK